000 01810cab a2200205 4500
001 X124737
008 040107n2003 000 0 eng u
035 _a(Sirsi) u124737
100 _aSmulian, M.
245 _aProfits of doom
260 _c2003
490 _aLaw Society's Gazette
_v100(45) 27 November 2003, 24-25(2)
520 _aConsiders the impact made by the Financial Services and Markets Act 2000 which came into force two years ago. Argues that many of the fears of the legislation throwing law firms into chaos have not materialised but some problematic issues still remain. One of the City firm's main concerns had centred on the Financial Services and Markets Act 2000 (Financial Promotion) Order 2001 which was created under the Act and the fact that this may affect solicitors' regular corporate activity. Some firms opted into Financial Services Authority (FSA) regulation to avoid sanction for breaching the order. It can now be seen from enforcement cases coming through that the FSA is tough but not totally unreasonable. The Law Society sees this order as an area in need of some reform but is mainly satisfied at the moment at how the new Act as a whole has worked. The organisation, Solicitors for Independent Financial Advice argues that there has been some problems for firms offering discrete financial advice. Here the new regulation has led to pressure on firms to consolidate because of the associated bureaucratic costs which are up to five times as much as under the Law Society in the old system.
590 _aABS
650 _aFINANCIAL SERVICES AND MARKETS ACT 2000
650 _aFINANCIAL SERVICES AND MARKETS ACT 2000 (FINANCIAL PROMOTION) ORDER 2001
650 _aCORPORATE AGENDA
690 _aMANAGEMENT-BUSINESS MANAGEMENT-FINANCIAL MANAGEMENT
942 _n0
999 _c74028
_d74028